| 000 | 00639pam a2200181 a 4500 | ||
|---|---|---|---|
| 020 | _a0070067546 (pbk.) : | ||
| 082 | 0 | 0 |
_a620.191 _bBOW _cL-16, P-62 |
| 100 | 1 |
_aBowles, Joseph E. _938582 |
|
| 245 | 1 | 0 |
_aEngineering properties of soils and their measurement / _cJoseph E. Bowles. |
| 250 | _a3rd ed. | ||
| 260 |
_aNew York : _bMcGraw-Hill, _cc1986. |
||
| 300 |
_avii, 218 p., [120] leaves : _bill. ; _c28 cm. |
||
| 526 |
_a0 _b0 _c0 _d620_191000000000000_BOW |
||
| 526 |
_a0 _b0 _c0 _d620_191000000000000_BOW |
||
| 650 | 0 |
_aSoil mechanics _xLaboratory manuals. _940967 |
|
| 650 | 0 |
_aSoils _xTesting _xLaboratory manuals. _940968 |
|
| 942 |
_2ddc _cBK |
||
| 999 |
_c545182 _d545182 |
||